[Event "Chigorin Memorial 26th"]
[Site "St Petersburg"]
[Date "2018.10.30"]
[Round "4"]
[White "Smirnov, Timofey"]
[Black "Yaroslavtsev, Artem"]
[Result "1-0"]
[WhiteElo "2332"]
[BlackElo "2097"]
[PlyCount "103"]
[EventDate "2018.10.27"]
[EventType "swiss"]
[EventRounds "9"]
[EventCountry "RUS"]
[SourceTitle "CBM 187 Extra"]
[Source "ChessBase"]
[SourceDate "2018.11.04"]
[SourceVersion "1"]
[SourceVersionDate "2018.11.04"]
[SourceQuality "1"]

1. e4 e5 2. Nf3 Nc6 3. Bc4 Bc5 4. c3 Nf6 5. d3 0-0 6. 0-0 d6 7. b4 Bb6 8. a4 a6 9. Na3 h6 10. Bb3 Be6 11. Nc4 Ba7 12. Ba3 b5 13. Ncd2 d5 14. Qc2 dxe4 15. dxe4 Bxb3 16. Nxb3 Qe7 17. Qe2 Qe6 18. Nbd2 Rab8 19. axb5 axb5 20. Bb2 Rfd8 21. g3 Qg4 22. Rfe1 Rd7 23. Qf1 Rbd8 24. Bc1 Rd3 25. Rxa7 Rxf3 26. Nxf3 Nxa7 27. Nxe5 Qh5 28. f4 Nc8 29. Nf3 Nb6 30. Be3 Nc4 31. Bd4 Ra8 32. Qe2 Nd7 33. e5 Nf8 34. Bc5 Ne6 35. Nd4 Qxe2 36. Rxe2 Ra1+ 37. Kg2 Nxd4 38. cxd4 Ra3 39. d5 Rd3 40. e6 fxe6 41. dxe6 Rd2 42. Kf2 Rxe2+ 43. Kxe2 g6 44. g4 Kg7 45. Be7 Nb6 46. f5 gxf5 47. gxf5 Nd5 48. Bd8 Kf8 49. f6 Ke8 50. f7+ Kf8 51. Kf3 Nxb4 52. Bxc7 1-0

[Event "St Petersburg Korchnoi Memorial op"]
[Site "St Petersburg"]
[Date "2018.08.16"]
[Round "2"]
[White "Nesterov, Arseniy"]
[Black "Yaroslavtsev, Artem"]
[Result "1-0"]
[WhiteElo "2355"]
[BlackElo "2102"]
[PlyCount "57"]
[EventDate "2018.08.15"]
[EventType "swiss"]
[EventRounds "9"]
[EventCountry "RUS"]
[SourceTitle "CBM 186 Extra"]
[Source "ChessBase"]
[SourceDate "2018.08.24"]
[SourceVersion "1"]
[SourceVersionDate "2018.08.24"]
[SourceQuality "1"]

1. d4 Nf6 2. c4 g6 3. Nc3 d5 4. Bf4 Bg7 5. e3 0-0 6. Rc1 Be6 7. Qb3 c5 8. Qxb7 Qb6 9. Qxb6 axb6 10. Nf3 Nc6 11. dxc5 bxc5 12. cxd5 Nxd5 13. Nxd5 Bxd5 14. Rxc5 Ra5 15. Rxa5 Nxa5 16. Be5 Bxa2 17. Bxg7 Kxg7 18. b4 Nb3 19. Bc4 Rb8 20. Ne5 Rxb4 21. Bxf7 Rb5 22. f4 Bb1 23. Bc4 Rb7 24. Kf2 Be4 25. Rd1 Nc5 26. g4 Rb2+ 27. Kg3 Bb7 28. Rd7 Ne4+ 29. Kh3 1-0

[Event "St Petersburg Summer op"]
[Site "St Petersburg"]
[Date "2017.08.22"]
[Round "7"]
[White "Yakimenko, Alexander A"]
[Black "Yaroslavtsev, Artem"]
[Result "1-0"]
[WhiteElo "2142"]
[BlackElo "2006"]
[PlyCount "53"]
[EventDate "2017.08.16"]
[EventType "swiss"]
[EventRounds "9"]
[EventCountry "RUS"]
[SourceTitle "CBM 180 Extra"]
[Source "ChessBase"]
[SourceDate "2017.10.06"]
[SourceVersion "1"]
[SourceVersionDate "2017.10.06"]
[SourceQuality "1"]

1. d4 Nf6 2. c4 g6 3. f3 Nc6 4. e4 e5 5. d5 Nd4 6. Ne2 Bc5 7. Nbc3 d6 8. Nxd4 Bxd4 9. Bd3 Nh5 10. Ne2 Bc5 11. h4 f5 12. Bg5 Qd7 13. Bd2 f4 14. b4 Be3 15. g4 Bxd2+ 16. Qxd2 Nf6 17. Qc3 0-0 18. Kf2 Qe7 19. c5 Bxg4 20. fxg4 Nxg4+ 21. Kf3 Ne3 22. Rag1 Rae8 23. Bb5 c6 24. cxd6 Qxd6 25. dxc6 bxc6 26. Qxc6 Qxb4 27. Rxg6+ 1-0

[Event "St Petersburg Summer op"]
[Site "St Petersburg"]
[Date "2017.08.16"]
[Round "1"]
[White "Saveliev, Alexei"]
[Black "Yaroslavtsev, Artem"]
[Result "1-0"]
[WhiteElo "2396"]
[BlackElo "2006"]
[PlyCount "129"]
[EventDate "2017.08.16"]
[EventType "swiss"]
[EventRounds "9"]
[EventCountry "RUS"]
[SourceTitle "CBM 180 Extra"]
[Source "ChessBase"]
[SourceDate "2017.10.06"]
[SourceVersion "1"]
[SourceVersionDate "2017.10.06"]
[SourceQuality "1"]

1. e4 c5 2. d3 Nc6 3. f4 Nf6 4. Nf3 d6 5. g3 g6 6. Bg2 Bg7 7. 0-0 0-0 8. Nc3 Rb8 9. h3 b5 10. g4 b4 11. Ne2 Nd7 12. Qe1 Bb7 13. h4 e6 14. h5 f5 15. hxg6 hxg6 16. Ng5 Nd4 17. Nxd4 Bxd4+ 18. Be3 Qf6 19. Rb1 Rfe8 20. a3 a5 21. Qg3 Bxe3+ 22. Qxe3 Qd4 23. Qxd4 cxd4 24. axb4 axb4 25. exf5 Bxg2 26. Kxg2 exf5 27. gxf5 gxf5 28. Rbe1 Rxe1 29. Rxe1 b3 30. cxb3 Rxb3 31. Re8+ Nf8 32. Rd8 Kg7 33. Rxd6 Rxd3 34. Nf3 Rb3 35. Nxd4 Rxb2+ 36. Kg3 Ng6 37. Nxf5+ Kf7 38. Nh6+ Kg7 39. f5 Rb3+ 40. Kg4 Kxh6 41. Rxg6+ Kh7 42. Kf4 Rb4+ 43. Kg5 Rb1 44. Re6 Kg7 45. Re7+ Kf8 46. Kf6 Rb6+ 47. Re6 Rb1 48. Rd6 Kg8 49. Ke7 Re1+ 50. Re6 Ra1 51. Kf6 Rf1 52. Re5 Ra1 53. Re8+ Kh7 54. Kf7 Ra7+ 55. Re7 Ra5 56. Kf8+ Kh6 57. f6 Kg6 58. f7 Ra8+ 59. Re8 Ra2 60. Re6+ Kh7 61. Rf6 Ra8+ 62. Ke7 Ra7+ 63. Ke6 Ra6+ 64. Ke5 Ra5+ 65. Kd4 1-0

[Event "Chigorin Memorial 24th"]
[Site "St Petersburg"]
[Date "2016.10.21"]
[Round "7"]
[White "Yaroslavtsev, Artem"]
[Black "Akhmetshin, Aydar"]
[Result "1-0"]
[WhiteElo "1910"]
[BlackElo "1517"]
[PlyCount "25"]
[EventDate "2016.10.15"]
[EventType "swiss"]
[EventRounds "9"]
[EventCountry "RUS"]
[SourceTitle "CBM 175 Extra"]
[Source "ChessBase"]
[SourceDate "2016.12.12"]
[SourceVersion "1"]
[SourceVersionDate "2016.12.12"]
[SourceQuality "1"]

1. e4 c5 2. Nf3 e6 3. b3 g6 4. Bb2 Nf6 5. e5 Nd5 6. c4 Ne7 7. Nc3 a6 8. Ne4 Nf5 9. Nf6+ Ke7 10. g4 Nd4 11. Nxd4 cxd4 12. Ba3+ d6 13. Bxd6+ 1-0

[Event "Chigorin Memorial 24th"]
[Site "St Petersburg"]
[Date "2016.10.16"]
[Round "2"]
[White "Azimov, Ilyas"]
[Black "Yaroslavtsev, Artem"]
[Result "1-0"]
[WhiteElo "2151"]
[BlackElo "1910"]
[PlyCount "55"]
[EventDate "2016.10.15"]
[EventType "swiss"]
[EventRounds "9"]
[EventCountry "RUS"]
[SourceTitle "CBM 175 Extra"]
[Source "ChessBase"]
[SourceDate "2016.12.12"]
[SourceVersion "1"]
[SourceVersionDate "2016.12.12"]
[SourceQuality "1"]

1. e4 e5 2. Nf3 Nc6 3. Bb5 a6 4. Ba4 Nf6 5. 0-0 Be7 6. c3 Nxe4 7. Re1 Nc5 8. Bxc6 dxc6 9. Nxe5 0-0 10. d4 Nd7 11. f4 Nxe5 12. fxe5 Be6 13. Nd2 c5 14. Ne4 cxd4 15. cxd4 Qd7 16. Be3 Rfd8 17. Qe2 Bf5 18. Bf2 Be6 19. b3 Qb5 20. Qe3 Ba3 21. Bh4 Kh8 22. Bxd8 Rxd8 23. Rad1 Bb4 24. Rf1 Qd7 25. Ng5 c6 26. Qe4 g6 27. Qh4 h5 28. Nxf7+ 1-0